000 00295nam a22001337a 4500
008 181105b xxu||||| |||| 00| 0 eng d
020 _a9780674005327
041 _aeng
080 _a521
100 _a43
101 _aAST
245 _aThe Uses Of The UNiversity
_cKer.C
942 _2udc
_cBK
999 _c51776
_d51776